Coupes du Monde de Football: Paraguay - Statistiques

Statistiques générales
  • Ce quiz a été pris 32 fois
  • Le résultat moyen est 13 sur 20
Statistiques - réponses
Réponse % Correct
France
96%
Espagne
93%
Allemagne
89%
Italie
86%
Angleterre
82%
Etats-Unis
79%
Japon
79%
Suède
71%
Yougoslavie
64%
Afrique du Sud
61%
Mexique
61%
Nigeria
61%
Belgique
57%
Bulgarie
57%
Ecosse
54%
Nouvelle-Zélande
50%
Slovaquie
46%
Slovénie
46%
Irak
25%
Trinité-et-Tobago
25%
Aucun quiz correspondant
Distribution des résultats
% des personnes avec chaque résultat
Percentile par nombre de réponses
Votre historique - résultats
Vous n’avez pas pris ce quiz